Dočkáme sa perorálneho inzulínu ?

Bibliographic Details
Main Author: Minarovič, Igor (Author)
Format: Article
Language:Slovak

MARC

LEADER 00000nab a2200000 a 4500
001 vtls010704311
003 SK-MaSNL
005 20260304192539.0
008 250709s2001 xo |||||||||||||||||slo|
035 |a (urnnbn)urn:nbn:sk:snk:ar-a03xck 
035 |a (uuid)f582fa7e-ddd2-4d1d-8304-6f133cbdde4f 
035 |a urn:nbn:sk:snk-ab394c 
040 |a SNKBUCL  |b slo  |c SNKBUCL  |e AACR2 
041 0 |a slo 
044 |a xo  |c SK 
100 1 |a Minarovič, Igor  |4 aut  |9 858144 
245 1 0 |a Dočkáme sa perorálneho inzulínu ?  |c Igor Minarovič 
773 0 |t Lekárnické listy : odborno-informačný časopis Slovenskej lekárnickej komory  |g Roč. 3, č. 9 (2001), s. [21] 
850 |a Slovenská národná knižnica 
852 |a Slovenská národná knižnica 
954 |a odborná, vedecká literatúra pôvodná (slovenská)  |2 lita 
958 |a article1 
958 |a OND 
958 |a EUIPO 
999 |c 3062679  |d 3064609